| 000 | 00420nam a22001697a 4500 | ||
|---|---|---|---|
| 003 | SGT | ||
| 020 | _a9789332516892 | ||
| 082 |
_a150 _bP13S |
||
| 100 | _aSTEELE, CATHERINE | ||
| 245 | _aPSYCHOLOGY EXPRESS: STATISTICS IN PSYCHOLOGY | ||
| 250 | _a1ST | ||
| 260 |
_aINDIA _bPEARSON PUB _c2013 |
||
| 300 | _a180 | ||
| 650 | _aPSYCHOLOGY | ||
| 653 | _aPSYCHOLOGY EXPRESS: STATISTICS IN PSYCHOLOGY | ||
| 942 |
_2ddc _cBK _01 |
||
| 999 |
_c26848 _d26848 |
||